Manufacturing processes /

Bibliographic Details
Main Author: Amstead, B. H.
Other Authors: Ostwald, Phillip F., 1931-, Begeman, Myron L. (Myron Louis), 1893-
Format: Book
Language:English
Published: New York : Wiley, [1977]
Edition:7th ed.
Subjects:

MARC

Tag First Indicator Second Indicator Subfields
LEADER 00000pam a2200000 i 4500
001 in00000463313
005 20151012163406.0
008 760718s1977 nyua b 00110 eng
010 |a  76026542  
020 |a 0471062456 
035 |a (OCoLC)02373329 
035 |9 ABZ6408AM 
040 |a DLC  |c DLC  |d TXA  |d UtOrBLW 
049 |a TXAM  |c [1108349] 
050 0 0 |a TS183  |b .B43 1977 
082 0 |a 671 
100 1 |a Amstead, B. H. 
245 1 0 |a Manufacturing processes /  |c B. H. Amstead, Phillip F. Ostwald, Myron L. Begeman. 
250 |a 7th ed. 
264 1 |a New York :  |b Wiley,  |c [1977] 
264 4 |c ©1977 
300 |a xii, 739 pages :  |b illustrations ;  |c 24 cm. 
336 |a text  |b txt  |2 rdacontent 
337 |a unmediated  |b n  |2 rdamedia 
338 |a volume  |b nc  |2 rdacarrier 
500 |a First-6th editions entered under M. L. Begeman. 
500 |a Includes index. 
504 |a Bibliography: pages 723-726. 
650 0 |a Manufacturing processes. 
700 1 |a Ostwald, Phillip F.,  |d 1931- 
700 1 |a Begeman, Myron L.  |q (Myron Louis),  |d 1893- 
999 |a MARS 
999 f f |s 73a24356-f4e3-393d-87c2-fdc7eec6098d  |i 2f7f37ee-f234-38d4-a13e-99faa41d4b76  |t 0 
952 f f |p ric  |a Texas A&M University  |b Rellis Campus  |c Joint Library Facility  |d Remote Storage  |t 0  |e TS183 .B43 1977  |h Library of Congress classification  |i unmediated -- volume  |m A14805641206 
998 f f |a TS183 .B43 1977  |t 0  |l Remote Storage